| 000 | 00906nam a2200253 a 4500 | ||
|---|---|---|---|
| 003 | OSt | ||
| 005 | 20240226155154.0 | ||
| 008 | |||
| 020 | _a1412909236 (hardcover) | ||
| 040 |
_cNUST _aNUST _beng _dNUST _erda |
||
| 050 | _aHF5415.N65 WYM | ||
| 100 | 1 | _aWymer, Walter. | |
| 245 | 1 | 0 |
_aNon profit marketing : _bMarketing management for charictable and nongovernmental organizations / _cWalter Wymer... [et al.] |
| 260 |
_aNew Delhi : _bSage publications, _c©2006 |
||
| 300 |
_aix, 369 pages _billustrations _c24 cm. |
||
| 336 |
_2rdacontent _atext _btxt |
||
| 337 |
_2rdamedia _aunmediated _bn |
||
| 338 |
_2rdacarrier _avolume _bnc |
||
| 504 | _aIncludes Bibliographical References and index | ||
| 650 | 1 | _aMarketing-non profit organizations. | |
| 700 | _aGomes, Gomes. | ||
| 700 | _aKnowles, Patricia. | ||
| 942 |
_cBOOKS _kHF _mWYM _2lcc _hHF5415.N65 _n0 |
||
| 999 |
_c133966 _d133966 |
||